000 01018nam a2200253Ia 4500
001 9470
003 GE_BSU
008 181216s||||||||xx |||||||||||||| ||und||
020 _a9789941142086
040 _cGE_BSU
080 _a531(075.8)+513.3
100 _aგორჯოლაძე,ი. ყიფიანი,გ., ბუქსიანიძე,ა.
245 _aთეორიული მექანიკის კურსი (დინამიკა)
245 _bსახ–ლო სტუდ–ს
245 _cრედ.ტ.კვიციანი, ი. გორჯოლაძე
260 _aთბილისი
260 _bტექნიკური უნ–ტი
260 _c2008
300 _a543გვ.ნახ.20სმ.
300 _eსაძიებელი გვ.524-532. ბიბლიოგრ. გვ.522-523
541 _h18ლ.
653 _aთეორიული მექანიკის კურსი (დინამიკა)
942 _cBK
999 _c42764
_d42764